Quiz carte de l'Asie du Sud et Centrale - Statistiques

Statistiques générales
  • Ce quiz a été pris 298 fois
  • Le résultat moyen est 11 sur 13
Réponses sur la Carte
Les réponses sont colorées sur une échelle allant du rouge au vert en fonction du pourcentage des utilisateurs qui les ont devinées à leur premier essai. Vous pouvez retrouver ces pourcentages ci-dessous.
 
Statistiques - réponses
Réponse % Correct
Inde
98%
Maldives
93%
Sri Lanka
90%
Bhoutan
88%
Népal
87%
Pakistan
87%
Bangladesh
86%
Kazakhstan
84%
Afghanistan
79%
Ouzbékistan
71%
Tadjikistan
70%
Kirghizistan
67%
Turkménistan
66%
Aucun quiz correspondant
Distribution des résultats
% des personnes avec chaque résultat
Percentile par nombre de réponses
Votre historique - résultats
Vous n’avez pas pris ce quiz